000 00724nam a2200229Ia 4500
999 _c1312
_d1312
003 0100
008 130227s9999 xx 000 0 und d
040 _cARRUPELIB
050 _aB849.42.V695
245 2 _aA civilizacao da economia e as respostas da filosofia: sobre a pertinencia e a praxis do saber
245 _bPhilosophy and the sphere of economics: arguments for a theoretical praxis
260 _bRevista Portuguesa de Filosofia
_aPortugal
_c2009
300 _a818p.
300 _b 23 cm
440 _aRevista Portuguesa de Filosofia;v.65, n.1-4
_934540
650 _aEconomics and philosophy
_934541
700 _aVilla-Cha, Joao J. (ed.)
_934542
942 _2lcc
_cMONOGRAPH